| 000 | 00529nam a2200181Ia 4500 | ||
|---|---|---|---|
| 005 | 20250326143519.0 | ||
| 008 | 250326s9999 xx 000 0 und d | ||
| 037 | _aTextbook | ||
| 040 |
_aFMSL _beng _cFMSL |
||
| 041 |
_aeng _2eng |
||
| 084 |
_aX:89A P1 _qFMSL |
||
| 100 |
_aLeflar J A _9748121 |
||
| 245 | 0 |
_aPractical TPM : siccessful equipment management at agilent technologies _cLeflar J A |
|
| 260 |
_aUSA _bUSA, Productivity _c2001 |
||
| 300 | _a360p | ||
| 942 |
_cTB _hX:89A P1 |
||
| 999 |
_c1299898 _d1299898 |
||